00573 2200229 4500001002100000005001700021008004100038035002600079245001500105100001500120260004700135300002100182020002200203082000800225084001400233990001600247990001600263990001600279990001600295990001600311990001600327INLIS00000000000051520210217104058.0210217| ||| | ind  a 0010-02210000000051500cAditya P.H0 aAditya P.H aJakarta TimurbPT Adfale Prima Ciptac2008 a56 hlm. ;c21cm. a978-602-8063-01-20 a630 a630 ADI a a00000001073 a00000001074 a00000001075 a00000001076 a00000001077 a00000001078